| 000 | 00972nam a22002417a 4500 | ||
|---|---|---|---|
| 999 |
_c1067 _d1067 |
||
| 003 | AR-CdUCM | ||
| 008 | 190226b ||||| |||| 00| 0 spa d | ||
| 020 | _a9631318893 | ||
| 040 |
_aMUNICIPALIDAD PROVINCIAL DEL CUSCO _cBIBLIOTECA MUNICIPAL DEL CUSCO |
||
| 082 |
_a943.91 / _bK13 |
||
| 100 |
_aKádár, János _94170 |
||
| 245 |
_aSocialismo y democracia en Hungría : _bDiscursos, artículos y entrevistas 1957 - 1982 / |
||
| 260 |
_aHungría : _bJános Kádár, _c1984. |
||
| 300 |
_a397 páginas ; _bFotografías, gráficos. _c20 cm. |
||
| 505 | _aPoder obrero - democracia socialista -- El papel dirigente y el estilo de trabajo del partido obrero socialista húngaro -- La política de alianzas ... | ||
| 650 |
_aHungría. _94171 |
||
| 650 |
_aSocialismo. _91037 |
||
| 650 |
_aSindicatos. _92512 |
||
| 700 |
_aZilahi, Krisztina (traducción) _94172 |
||
| 700 |
_aMarcos de Kása, María (traducción) _94173 |
||
| 942 |
_2ddc _cLIBROS |
||
| 945 |
_amvr _d2019-02-26 |
||